MCSR Ranked Playoffs Participants - Statistics

General Stats
  • This quiz has been taken 337 times
    42 since last reset
  • The average score is 27 of 50
Answer Stats
Hint Answer % Correct
Top 8 Feinberg
97%
Winners hackingnoises
95%
Runner-Ups Infume
95%
Winners lowk3y_
95%
Winners doogile
92%
3rd/4th Pinne
92%
Winners silverrruns
92%
Top 16 edcr
87%
3rd/4th bing_pigs
85%
3rd/4th Aquacorde
82%
3rd/4th dandannyboy
79%
3rd/4th 7rowl
77%
3rd/4th BeefSalad
77%
Top 8 BlazeMind
74%
Top 16 HDMICables
74%
Top 16 nhb_
74%
Winners Priffin
72%
Top 8 BadGamer
67%
Runner-Ups Ancoboyy
64%
Top 8 steez
64%
3rd/4th v_strid
64%
Top 16 ANJOUU
56%
Top 8 AutoMattPL
54%
Top 16 Ranik_
51%
3rd/4th Oxidiot
49%
Top 8 Erikfzf
46%
Top 16 KenanKardes
46%
3rd/4th 55crimson
44%
Top 8 retropog
44%
Top 16 Dylqn
38%
Top 8 Reignex
38%
Top 16 MrBudgiee
36%
Top 16 paplerr
36%
Top 8 DARVY__X1
33%
Top 16 TUDORULE
33%
Top 16 Waluyoshi
33%
Top 8 dwoh
31%
Top 16 loodlow
31%
Top 16 pulsar32
31%
Top 16 Bloonskiller
28%
Top 8 CroProYT
28%
Top 16 Cube1337x
28%
Top 16 drx6
28%
Top 16 ELO_PLUMBER4444
28%
Top 16 orachi_
28%
Top 16 Hinart
26%
Top 8 MoleyG
26%
3rd/4th kW1st
23%
Top 16 Ayreliaa
21%
Top 16 Emillk
21%
No matching quizzes found
Score Distribution
Percent of People with Each Score
Percentile by Number Answered
Your Score History
You have not taken this quiz since the last reset